000 00291nam a2200121Ia 4500
008 140130s9999 xx 000 0 und d
245 _cHugo, Victor
_aLes miserables (adapted)
260 _bScholastic,
_c2005
440 _v1
521 _aGrade 5 - Grade 8
942 _cBK
999 _c41327
_d41327